000 00594nam a2200229Ia 4500
003 OSt
005 20220924152858.0
006 a|||||r|||| 00| 0
007 ta
008 220923b |||||||| |||| 00| 0 guj d
024 _a345700
037 _cTextual
040 _aARTS
_cARTS
_bguj
041 _2guj
_aguj
082 _aO156,1M77x, H3
100 _aNhanalal Dalpatram
_9227736
245 0 _aPrjnachakshuna prajnabindu
260 _c1943
650 _aGUJRATI LITERATURE
942 _hO156,1M77x, H3
_cTEXL
_2CC
999 _c471407
_d471407